000 00843nam a22002177a 4500
999 _c157613
_d157613
005 20180922110827.0
010 _aENG-124019
020 _c200.00
_a9788189762575
035 _aEN-107551
037 _bDBAD/PUB
082 _a303.6909545
100 _aFernandes, Walter
245 _aRethinking autonomy, self-determination and sovereignty:
_cby Walter Fernandes [and] Bhaswati Borgohain
_bsearch for peace in northeast india /
260 _aGuwahati
_c2017
_bNorth Eastern Social Research Centre
270 _bGuwahati
_aJagriti 2nd Floor, Arunadai Path, GMC Road, Christian Basti
_e781005
300 _avi,199p.
_c21(pbk.)
_bill.
490 _aNESRC PEACE STUDIES SERIES-9
500 _aIt includes references, index and publications of NESRC
700 _a Borgohain, Bhaswati
942 _2ddc
_cEN
_h303.6909545
_mFER